00386nam a22001337a 450000500170000000800410001704100130005808200130007110000120008424500420009626000580013830000310019665000250022720240610071523.0240610b |||||||| |||| 00| 0 eng d aEnglish  a349 LAW  lEnglish aThe All England Law Reports: Reprint  aLondon: bButterworth and Co. Publishers Ltd, c1937  bxxiv, 802 pages; c25 cm.  aLegal practicebLaw